| 000 | 00962nas a2200325 4500 | ||
|---|---|---|---|
| 001 | BR2013005104 | ||
| 003 | BR-BrBNA | ||
| 005 | 20231205122600.0 | ||
| 007 | ta | ||
| 008 | 230509b bl.|||p| |||| 00| 00por d | ||
| 040 |
_aBR-BrBNA _bpor _cBiblioteca Nacional de Agricultura |
||
| 041 | _a(Pt) | ||
| 072 | _aF04; F61 | ||
| 100 | 1 | _aMueller, S. | |
| 100 | 1 | _aWamser, A.F. | |
| 100 | 1 | _aSuzuki, A. | |
| 100 | 1 | _aBecker, W.F. | |
| 245 | 1 | _aProdutividade de tomate sob adubação orgânica e complementação com adubos minerais | |
| 650 | _aTOMATE | ||
| 650 | _aADUBO ORGÂNICO | ||
| 650 | _aPRODUTIVIDADE | ||
| 650 | _aFERTILIZANTE | ||
| 650 | _aDOSE | ||
| 650 | _aCAMA DE GALINHEIRO | ||
| 650 | _aNUTRIÇÃO VEGETAL | ||
| 650 | _aABSORÇÃO DE NUTRIENTES | ||
| 773 | 0 |
_tHorticultura Brasileira (Brazil) _xISSN 0102-0536 _g(Jan-Mar 2013), v. 31(1) p. 86-92 _wBR2013005104 |
|
| 909 |
_a202311 _bLúcia _c55 _dLúcia Elande |
||
| 942 |
_2AGRIS _n0 _cANA |
||
| 999 |
_c229408 _d229408 |
||